American history : (Record no. 21439)

000 -LEADER
fixed length control field 00616cam a22001935a 4500
020 ## - INTERNATIONAL STANDARD BOOK NUMBER
ISBN 0072424362 (combined ed. : alk. paper)
020 ## - INTERNATIONAL STANDARD BOOK NUMBER
ISBN 0072490519 (v. 1)
020 ## - INTERNATIONAL STANDARD BOOK NUMBER
ISBN 0072490535 (v. 2)
040 ## - CATALOGING SOURCE
Transcribing agency DLC
082 00 - DEWEY DECIMAL CLASSIFICATION NUMBER
Classification number 973
100 1# - MAIN ENTRY--AUTHOR NAME
Personal name Brinkley, Alan.
245 10 - TITLE STATEMENT
Title American history :
Remainder of title a survey /
250 ## - EDITION STATEMENT
Edition statement 11th ed.
260 ## - PUBLICATION, DISTRIBUTION, ETC. (IMPRINT)
Place of publication Boston :
Name of publisher McGraw-Hill,
Year of publication c2003.
300 ## - PHYSICAL DESCRIPTION
Number of Pages 1 v. (various pagings) :
Other physical details ill. (chiefly col.), col. maps ;
Dimensions 29 cm.
856 41 - ELECTRONIC LOCATION AND ACCESS
Uniform Resource Identifier http://www.loc.gov/catdir/toc/mh031/2002106646.html
856 42 - ELECTRONIC LOCATION AND ACCESS
Uniform Resource Identifier http://www.loc.gov/catdir/description/mh024/2002106646.html
942 ## - ADDED ENTRY ELEMENTS (KOHA)
Koha item type ឯកសារស្រាវជ្រាវ

No items available.

មជ្ឈមណ្ឌលឯការនៃសាកលវិទ្យាល័យភូមិន្ទកសិកម្មចំការដូង

Powered by Koha